UBT Library

Conditions in occupational therapy : (Record no. 42574)

000 -LEADER
fixed length control field 00975cam a22003014a 4500
001 - CONTROL NUMBER
control field 14365100
005 - DATE AND TIME OF LATEST TRANSACTION
control field 20180215033628.0
008 - FIXED-LENGTH DATA ELEMENTS--GENERAL INFORMATION
fixed length control field 060503s2007 paua b 001 0 eng
010 ## - LIBRARY OF CONGRESS CONTROL NUMBER
LC control number 2006014892
016 7# - NATIONAL BIBLIOGRAPHIC AGENCY CONTROL NUMBER
Record control number 101275836
Source DNLM
020 ## - INTERNATIONAL STANDARD BOOK NUMBER
International Standard Book Number 0781754879 (alk. paper)
020 ## - INTERNATIONAL STANDARD BOOK NUMBER
International Standard Book Number 9780781754873
035 ## - SYSTEM CONTROL NUMBER
System control number (OCoLC)ocm68705597
035 ## - SYSTEM CONTROL NUMBER
System control number (OCoLC)68705597
040 ## - CATALOGING SOURCE
Original cataloging agency DNLM/DLC
Transcribing agency DLC
Modifying agency NLM
-- BAKER
-- C#P
-- DLC
041 ## - LANGUAGE CODE
Language code of text/sound track or separate title eng
042 ## - AUTHENTICATION CODE
Authentication code pcc
060 10 - NATIONAL LIBRARY OF MEDICINE CALL NUMBER
Classification number WB 555
Item number C745 2007
080 ## - UNIVERSAL DECIMAL CLASSIFICATION NUMBER
Universal Decimal Classification number 615.8515 ben
082 00 - DEWEY DECIMAL CLASSIFICATION NUMBER
Classification number 615.8515 ben
Edition number 22
100 ## - Rafti
Rafti 3
101 ## - Shkurtesa
Shkurtesa shm
245 00 - TITLE STATEMENT
Title Conditions in occupational therapy :
Statement of responsibility, etc editors, Ben J. Atchison, Diane K. Dirette.
504 ## - BIBLIOGRAPHY, ETC. NOTE
Bibliography, etc Includes bibliographical references and index.
906 ## - LOCAL DATA ELEMENT F, LDF (RLIN)
a 7
b cbc
c orignew
d 1
e ecip
f 20
g y-gencatlg
942 ## - ADDED ENTRY ELEMENTS (KOHA)
Source of classification or shelving scheme
Item type Books
Holdings
Withdrawn status Lost status Source of classification or shelving scheme Damaged status Not for loan Collection code Permanent location Current location Shelving location Date acquired Total Checkouts Full call number Barcode Date last seen Price effective from Koha item type
          Koleksioni i përgjithshem UBT - Lipjan UBT - Lipjan Koleksioni i përgjithshem 02/15/2018   615.8515 ben 002-2997306 02/15/2018 02/15/2018 Books
UBT Library © 2015-2024. All rights reserved University Education for Business and Technology